Imunohistologická diagnostika kožných vaskulitíd

Bibliographic Details
Main Authors: Jautová, Jagienka, 1952- (Author), Martinásková, Klára (Author)
Corporate Author: Zjazd českých a slovenských alergológov a klinických imunológov (Author)
Format: Conference Proceeding Article
Language:Slovak
ISSN:1335-0013
Subjects:

MARC

LEADER 00000nab a2200000 a 4500
001 vtls000779655
003 SK-MaSNL
005 20260304133154.0
008 250429c2001 xo 0 slo
015 |a SNBRB2002/02-03931 
035 |a CLN000131415 
035 |a urn:nbn:sk:snk-ab71wa 
035 |a (uuid)c351e5cf-f8a2-4704-acff-a0501076b873 
035 |a (urnnbn)urn:nbn:sk:snk:ar-a06mtq 
035 |a (sysno)vtls000779655 
040 |a SNKBUCL  |b slo  |c SNKBUCL  |e AACR2 
041 0 |a slo 
044 |a xo  |c SK 
080 |a 616.5-005-097:57.083  |2 1997 
100 1 |a Jautová, Jagienka,  |d 1952-  |4 aut  |9 133620 
245 1 0 |a Imunohistologická diagnostika kožných vaskulitíd  |c J. Jautová, K. Martinásková 
650 0 7 |a vaskulitída kožná  |x diagnostika  |x etiológia  |x imunológia  |2 snkbucl  |9 1449840 
650 0 7 |a vaskulitída kožná alergická  |x diagnóza  |x etiológia  |x imunológia  |2 snkbucl  |9 1449841 
650 0 7 |a imunohistochémia  |x normy a štandardy  |x trendy  |2 snkbucl  |9 1449842 
650 0 7 |a diagnóza  |2 snkbucl  |9 2604 
655 7 |a články z novín a časopisov  |2 snkbucl  |9 267496 
700 1 |a Martinásková, Klára  |4 aut  |9 664405 
711 2 |a Zjazd českých a slovenských alergológov a klinických imunológov  |n (18. :  |d 2001 :  |c Poprad, Slovensko)  |4 aut  |9 120287 
773 0 |t Klinická imunológia a alergológia  |g Roč. 11, č. 3 (2001), s. 47  |x 1335-0013 
850 |a Slovenská národná knižnica 
852 |a Slovenská národná knižnica 
954 |a odborná, vedecká literatúra pôvodná (slovenská)  |2 lita 
958 |a article2022 
958 |a MI 
958 |a OND 
958 |a EUIPO 
999 |c 2900392  |d 2902322